00563nam a2200169 a 450000100100000000500170001000800410002702000180006804000250008608200160011110000310012724500850015826000360024330000200027950000640029950400300036300004875020201002061359.0190411s2016 dr 000 0 spa d a9789945167306 aDO-SdBNPbspacBNPHU axxxxbS161i1 aSalcedo Jorge, Lino Rafael10aInfidelidad :bcómo superarla, cómo afrontarla /cLino Rafael Salcedo Jorge. aSanto Domingo :bBúho,c2016. a92 p. ;c22 cm. aIncluye datos biográficos del autor en la contracubierta. aBibliografía : p. 91-92